Redistribution trought public employment <the> case of Italy

Na minha lista:
Detalhes bibliográficos
Autor principal: Alesina, Alberto
Outros Autores: Danninger, Stephan, Rostagno, Massimo
Formato: Livro
Idioma:inglês
Publicado em: Washington International Monetary Fund 1999
Colecção:IMF Working Paper WP/99/177
Assuntos:
Tags: Adicionar Tag
Sem tags, seja o primeiro a adicionar uma tag!

MARC

LEADER 00000nam a2200000 4500
001 c123962
005 20221221083428.3
041 0 |a eng 
044 |a US 
245 1 0 |a Redistribution trought public employment  |b <the> case of Italy  |c Alberto Alesina, Stephan Danninger and Massimo Rostagno 
264 1 |a Washington  |b International Monetary Fund  |c 1999 
300 |a 44 s. 
490 1 |a IMF Working Paper  |v WP/99/177 
830 0 |a IMF Working Paper  |v WP/99/177 
610 2 0 |a zamestnanosť 
610 2 0 |a redistribúcia zdrojov finančných 
610 2 0 |a Taliansko 
100 1 |a Alesina, Alberto 
700 1 |a Danninger, Stephan 
700 1 |a Rostagno, Massimo